The History of Bengal / (Record no. 7494)
[ view plain ]
| 000 -LEADER | |
|---|---|
| fixed length control field | 00711cam a22002531 4500 |
| 001 - CONTROL NUMBER | |
| JCCL Control Number | 7494 |
| 003 - CONTROL NUMBER IDENTIFIER | |
| JCCL marc code | BD-JhCC |
| 005 - DATE AND TIME OF LATEST TRANSACTION | |
| control field | 20180210195615.0 |
| 008 - FIXED-LENGTH DATA ELEMENTS--GENERAL INFORMATION | |
| fixed length control field | 861217m19639999pk ab 000 0 eng |
| 035 ## - SYSTEM CONTROL NUMBER | |
| system control number | (BD-JhCC)7494 |
| 035 ## - SYSTEM CONTROL NUMBER | |
| system control number | (OCoLC)14986127 |
| 040 ## - CATALOGING SOURCE | |
| Original cataloging agency | DLC |
| Transcribing agency | CU |
| Modifying agency | CU |
| -- | DLC |
| -- | BD-JhCC |
| 041 ## - LANGUAGE CODE | |
| Language code of Book | eng |
| 050 00 - LIBRARY OF CONGRESS CALL NUMBER | |
| Classification number | DS485.B47 |
| Item number | H52 |
| 082 ## - DEWEY DECIMAL CLASSIFICATION NUMBER | |
| Author mark and Year | MAJ 1943 |
| 100 ## - MAIN ENTRY--PERSONAL NAME | |
| Personal name | Majumder, R. C. |
| 245 04 - TITLE STATEMENT | |
| Title | The History of Bengal / |
| Remainder of title | R. C. Majumder, |
| 260 ## - PUBLICATION, DISTRIBUTION, ETC. (IMPRINT) | |
| Place of publication, distribution, etc | Ramna, Dacca, |
| Name of publisher, distributor, etc | University of Dacca |
| Date of publication, distribution, etc | [1963- |
| 300 ## - PHYSICAL DESCRIPTION | |
| Pagination | v. |
| Other physical details | illus. (part col.), fold. maps. |
| Dimensions | 25 cm. |
| 651 #0 - SUBJECT ADDED ENTRY--GEOGRAPHIC NAME | |
| Geographic name | Bengal (India) |
| General subdivision | History. |
| 700 1# - ADDED ENTRY--PERSONAL NAME | |
| Personal name | Majumdar, R. C. |
| Fuller form of name | (Ramesh Chandra), |
| Dates associated with a name | 1888-1980. |
| 942 ## - ADDED ENTRY ELEMENTS (KOHA) | |
| Source of classification or shelving scheme | Dewey Decimal Classification |
| Koha item type | Books |
| Source of classification or shelving scheme | Damaged status | Not for loan | Home library | Current library | Shelving location | Date of accession | Full call number | Barcode | Date last seen | Copy number | Method of acquisition | Koha item type | Currency |
|---|---|---|---|---|---|---|---|---|---|---|---|---|---|
| Dewey Decimal Classification | JCC Rouf Library | JCC Rouf Library | General Stacks | 11/16/2023 | 954.9205 MAJ 1943 | 10075 | 02/10/2018 | C - 1 | Purchase | Books | BDT |